Ethnic jewellery.
| Other Authors: | |
|---|---|
| Format: | Book |
| Published: |
London:
British Museum Press,
1994.
|
| Subjects: |
| LEADER | 00490cam a2200181 7i4500 | ||
|---|---|---|---|
| 001 | 0000004759 | ||
| 005 | 19991025090000.0 | ||
| 002 | ##000006292 | ||
| 020 | 0 | 0 | |a 0-7141-2515-6 |
| 090 | 0 | 0 | |a DE 739.27 |b ETH |
| 245 | 1 | 0 | |a Ethnic jewellery. |
| 260 | 0 | 0 | |a London: |b British Museum Press, |c 1994. |
| 300 | 0 | 0 | |a 208 p.. |
| 650 | 0 | 0 | |a Jewelry |
| 650 | 0 | 0 | |a Ethnic jewelry |
| 650 | 0 | 0 | |a Designs -- |x jewelry -- |x ethnic |
| 700 | 1 | 1 | |a Mack, |h John |
| 999 | |a 0000007318 |b Book |c Open shelf |e Business Information Centre | ||


